Statistiken für Länder, die Alaska am Nächsten Liegen - Eine Minute Sprint

Klicken Sie hier um das Quiz zu spielen!

Allgemein

  • Dieses Quiz wurde 55 mal gespielt
  • Das Durchschnittsergebnis liegt bei 11 aus 20

Antwortstatistiken

KmLand% Korrekt
0Kanada
100%
4Russland
98%
2195Japan
89%
2677China
81%
2689Mexiko
81%
2135Dänemark (Grönland)
72%
3703Südkorea
72%
3291Nordkorea
70%
4163Island
66%
3740Mongolei
57%
4170Norwegen
53%
4289Finnland
47%
4407Schweden
47%
5169Vereinigtes Königreich
47%
5200Taiwan
34%
5226Kuba
30%
5165Bahamas
28%
4940Frankreich
(St Pierre & Miquelon)
28%
5251Mikronesien
6%
4644Marshallinseln
2%

Verteilung der Resultate

Perzentil nach korrekt beantworteten Fragen

Anzahl Personen mit jedem Resultat

Ihre Resultats-Entwicklung

Sie haben dieses Quiz noch nicht gespielt